000 00401nam a2200145 4500
999 _c738
_d738
008 191125b ||||| |||| 00| 0 eng d
082 0 0 _a541
_bP8982
100 _9265
_aPraagh, G. Van
245 1 0 _aPhysical Chemistry: Experimental and Theoritical
_cby G Van Praagh
250 _a1st ed.
260 _aCambridge
_bUniversity Press
_c1950
300 _axiv, 295 p.
650 0 _aChemistry
942 _2ddc
_cBK